[Event "DEM U16 2023"]
[Site "Willingen GER"]
[Date "2023.05.31"]
[Round "6"]
[White "Fathke, Luke"]
[Black "Müller, Maximilian"]
[Result "1/2-1/2"]
[Termination "normal"]
[Board "12"]
[WhiteElo "1637"]
[BlackElo "1908"]
[WhiteClock "00:50:31"]
[BlackClock "01:09:14"]
[PlyCount "72"]
[WhiteFideId "16230230"]
[BlackFideId "16243552"]
[EventCountry "GER"]
[EventRounds "9"]
[EventType "swiss"]
[EventDate "2023.05.27"]

1. e4 {[%clk 01:30:57]} {[%emt 00:00:03]} c6 {[%clk 01:30:58]} {[%emt
00:00:03]} 2. d4 {[%clk 01:30:06]} {[%emt 00:01:22]} d5 {[%clk 01:31:23]}
{[%emt 00:00:03]} 3. e5 {[%clk 01:29:27]} {[%emt 00:01:09]} Bf5 {[%clk
01:31:47]} {[%emt 00:00:06]} 4. Ne2 {[%clk 01:27:39]} {[%emt 00:02:19]} e6
{[%clk 01:31:59]} {[%emt 00:00:18]} 5. Ng3 {[%clk 01:28:02]} {[%emt 00:00:06]}
Bg6 {[%clk 01:32:23]} {[%emt 00:00:06]} 6. h4 {[%clk 01:28:21]} {[%emt
00:00:11]} h6 {[%clk 01:31:44]} {[%emt 00:01:11]} 7. h5 {[%clk 01:28:25]}
{[%emt 00:00:25]} Bh7 {[%clk 01:31:58]} {[%emt 00:00:16]} 8. Bd3 {[%clk
01:28:21]} {[%emt 00:00:33]} Bxd3 {[%clk 01:31:51]} {[%emt 00:00:38]} 9. Qxd3
{[%clk 01:25:57]} {[%emt 00:02:55]} Qa5+ {[%clk 01:27:27]} {[%emt 00:04:53]}
10. Nd2 {[%clk 01:24:34]} {[%emt 00:01:53]} Qa6 {[%clk 01:27:56]} {[%emt
00:00:02]} 11. c4 {[%clk 01:23:29]} {[%emt 00:01:34]} c5 {[%clk 01:23:48]}
{[%emt 00:04:37]} 12. f4 {[%clk 01:01:12]} {[%emt 00:22:47]} cxd4 {[%clk
01:14:39]} {[%emt 00:09:38]} 13. Qxd4 {[%clk 00:59:16]} {[%emt 00:02:27]} Nc6
{[%clk 01:15:08]} {[%emt 00:00:01]} 14. Qf2 {[%clk 00:52:01]} {[%emt 00:07:45]}
Nb4 {[%clk 01:09:14]} {[%emt 00:06:23]} 15. O-O {[%emt 00:02:01]} Nd3 16. Qf3
Bc5+ 17. Kh2 dxc4 18. Qe4 Rc8 19. Nxc4 Qxc4 20. Qxc4 Bg1+ 21. Kxg1 Rxc4 22. b3
Rc7 23. Ba3 Ne7 24. Rad1 Nc5 25. Bxc5 Rxc5 26. Ne4 Rd5 27. Nd6+ Kd7 28. Nxb7
Rc8 29. Nd6 Rc2 30. Nxf7 Rxa2 31. Ra1 Rdd2 32. Rxa2 Rxa2 33. Rf2 Ra1+ 34. Rf1
Rxf1+ 35. Kxf1 Nf5 36. g4 {[%clk 00:50:31]} Ne3+ 1/2-1/2

[Event "DEM U16 2023"]
[Site "Willingen GER"]
[Date "2023.05.31"]
[Round "6"]
[White "Maul, Maik"]
[Black "Pfeffer, Samuel"]
[Result "0-1"]
[Termination "normal"]
[Board "13"]
[WhiteElo "1803"]
[BlackElo "1504"]
[WhiteClock "01:05:52"]
[BlackClock "00:59:23"]
[PlyCount "66"]
[WhiteFideId "16204816"]
[BlackFideId "16249160"]
[EventCountry "GER"]
[EventRounds "9"]
[EventType "swiss"]
[EventDate "2023.05.27"]

1. d4 {[%clk 01:30:59]} {[%emt 00:53:57]} Nf6 {[%clk 01:30:51]} {[%emt
00:00:09]} 2. Nc3 {[%clk 01:31:25]} {[%emt 00:00:05]} d5 {[%clk 01:30:59]}
{[%emt 00:00:23]} 3. Bf4 {[%clk 01:31:48]} {[%emt 00:00:06]} e6 {[%clk
01:31:03]} {[%emt 00:00:27]} 4. Nb5 {[%clk 01:32:07]} {[%emt 00:00:10]} Na6
{[%clk 01:31:25]} {[%emt 00:00:09]} 5. e3 {[%clk 01:32:29]} {[%emt 00:00:07]}
Be7 {[%clk 01:31:28]} {[%emt 00:00:27]} 6. Nf3 {[%clk 01:32:41]} {[%emt
00:00:18]} O-O {[%clk 01:31:37]} {[%emt 00:00:20]} 7. Ne5 {[%clk 01:32:41]}
{[%emt 00:00:33]} c6 {[%clk 01:30:37]} {[%emt 00:01:28]} 8. Nc3 {[%clk
01:33:00]} {[%emt 00:00:12]} c5 {[%clk 01:29:36]} {[%emt 00:01:31]} 9. g4
{[%clk 01:31:10]} {[%emt 00:02:20]} Qa5 {[%clk 01:22:30]} {[%emt 00:07:37]} 10.
Bxa6 {[%clk 01:20:26]} {[%emt 00:11:14]} Qxa6 {[%clk 01:19:34]} {[%emt
00:03:25]} 11. g5 {[%clk 01:19:16]} {[%emt 00:01:39]} Nd7 {[%clk 01:19:20]}
{[%emt 00:00:45]} 12. h4 {[%clk 01:19:10]} {[%emt 00:00:36]} Nxe5 {[%clk
01:15:26]} {[%emt 00:04:24]} 13. dxe5 {[%clk 01:17:32]} {[%emt 00:02:08]} Rd8
{[%clk 01:10:03]} {[%emt 00:05:53]} 14. Qg4 {[%clk 01:10:14]} {[%emt 00:07:49]}
Qc4 {[%clk 00:59:23]} {[%emt 00:11:10]} 15. h5 {[%clk 01:05:52]} {[%emt
00:04:52]} d4 16. Ne4 {[%clk 01:05:52]} Qxc2 17. Nf6+ {[%clk 01:05:52]} Kh8 18.
g6 {[%clk 01:05:52]} dxe3 19. Bxe3 {[%clk 01:05:52]} Qxb2 20. O-O {[%clk
01:05:52]} Qxe5 21. Nxh7 {[%clk 01:05:52]} Rd5 22. gxf7 {[%clk 01:05:52]} Kxh7
23. h6 {[%clk 01:05:52]} g6 24. Rad1 {[%clk 01:05:52]} Qf6 25. Rxd5 {[%clk
01:05:52]} exd5 26. Qf4 {[%clk 01:05:52]} Be6 27. Qc7 {[%clk 01:05:52]} Bxf7
28. Qxb7 {[%clk 01:05:52]} Re8 29. Qxa7 {[%clk 01:05:52]} d4 30. Bd2 {[%clk
01:05:52]} Qf3 31. Re1 {[%clk 01:05:52]} Qg4+ 32. Kh2 {[%clk 01:05:52]} Bd6+
33. f4 {[%clk 01:05:52]} Bxf4+ 0-1

[Event "DEM U16 2023"]
[Site "Willingen GER"]
[Date "2023.05.31"]
[Round "6"]
[White "Peglau, Charis"]
[Black "Oldenburg, Max Leonard"]
[Result "1-0"]
[Termination "normal"]
[Board "14"]
[WhiteTitle "WFM"]
[WhiteElo "2114"]
[BlackElo "1825"]
[WhiteClock "00:52:32"]
[BlackClock "01:09:34"]
[PlyCount "45"]
[WhiteFideId "16219996"]
[BlackFideId "34660348"]
[EventCountry "GER"]
[EventRounds "9"]
[EventType "swiss"]
[EventDate "2023.05.27"]

1. f4 {[%clk 01:30:57]} {[%emt 00:00:03]} d5 {[%clk 01:30:59]} {[%emt
00:00:01]} 2. Nf3 {[%clk 01:31:20]} {[%emt 00:00:08]} c5 {[%clk 01:31:21]}
{[%emt 00:00:08]} 3. e3 {[%clk 01:31:39]} {[%emt 00:00:11]} Nc6 {[%clk
01:31:44]} {[%emt 00:00:06]} 4. b3 {[%clk 01:32:02]} {[%emt 00:00:08]} Bg4
{[%clk 01:32:05]} {[%emt 00:00:09]} 5. Bb2 {[%clk 01:32:14]} {[%emt 00:00:18]}
e6 {[%clk 01:32:23]} {[%emt 00:00:11]} 6. Be2 {[%clk 01:31:29]} {[%emt
00:01:16]} Nf6 {[%clk 01:32:33]} {[%emt 00:00:20]} 7. O-O {[%clk 01:31:41]}
{[%emt 00:00:17]} Be7 {[%clk 01:32:46]} {[%emt 00:00:17]} 8. d3 {[%clk
01:30:22]} {[%emt 00:01:50]} O-O {[%clk 01:31:58]} {[%emt 00:01:18]} 9. Nbd2
{[%clk 01:29:09]} {[%emt 00:01:44]} b5 {[%clk 01:30:45]} {[%emt 00:01:42]} 10.
c4 {[%clk 01:16:12]} {[%emt 00:13:27]} a6 {[%clk 01:22:09]} {[%emt 00:09:06]}
11. Rc1 {[%clk 01:05:43]} {[%emt 00:10:59]} dxc4 {[%clk 01:15:46]} {[%emt
00:06:52]} 12. bxc4 {[%clk 01:02:51]} {[%emt 00:03:22]} b4 {[%clk 01:09:34]}
{[%emt 00:06:43]} 13. Qe1 {[%clk 00:52:32]} {[%emt 00:10:48]} a5 14. Qg3 {[%clk
00:52:32]} Bxf3 15. Rxf3 {[%clk 00:52:32]} Nh5 16. Qh3 {[%clk 00:52:32]} g6 17.
g4 {[%clk 00:52:32]} Ng7 18. Qh6 {[%clk 00:52:32]} Bf6 19. Rh3 {[%clk
00:52:32]} Nh5 20. gxh5 {[%clk 00:52:32]} Bxb2 21. hxg6 {[%clk 00:52:32]} Re8
22. Qxh7+ {[%clk 00:52:32]} Kf8 23. Qxf7# {[%clk 00:52:32]} 1-0

[Event "DEM U16 2023"]
[Site "Willingen GER"]
[Date "2023.06.01"]
[Round "7"]
[White "Foerster-Yialamas, Lucas"]
[Black "Sidletskyi, Ivan"]
[Result "0-1"]
[Termination "normal"]
[Board "1"]
[WhiteTitle "CM"]
[BlackTitle "CM"]
[WhiteElo "2151"]
[BlackElo "2152"]
[WhiteClock "00:43:03"]
[BlackClock "00:11:35"]
[PlyCount "98"]
[WhiteFideId "30901774"]
[BlackFideId "14156024"]
[EventCountry "GER"]
[EventRounds "9"]
[EventType "swiss"]
[EventDate "2023.05.27"]

1. e4 {[%clk 01:30:59]} e6 {[%clk 01:29:21]} {[%emt 00:01:40]} 2. d4 {[%clk
01:31:28]} {[%emt 00:00:01]} d5 {[%clk 01:29:38]} {[%emt 00:00:13]} 3. Nc3
{[%clk 01:31:56]} {[%emt 00:00:01]} Nf6 {[%clk 01:30:01]} {[%emt 00:00:06]} 4.
e5 {[%clk 01:32:25]} {[%emt 00:00:01]} Nfd7 {[%clk 01:30:27]} {[%emt 00:00:04]}
5. f4 {[%clk 01:32:52]} {[%emt 00:00:03]} c5 {[%clk 01:30:53]} {[%emt
00:00:03]} 6. Nf3 {[%emt 00:00:08]} Nc6 {[%clk 01:31:20]} {[%emt 00:00:02]} 7.
Be3 {[%clk 01:33:42]} {[%emt 00:00:04]} a6 {[%clk 01:30:13]} {[%emt 00:01:37]}
8. Qd2 {[%clk 01:34:05]} {[%emt 00:00:07]} b5 {[%clk 01:27:38]} {[%emt
00:03:05]} 9. dxc5 {[%clk 01:34:33]} {[%emt 00:00:02]} Bxc5 {[%clk 01:28:01]}
{[%emt 00:00:07]} 10. Bxc5 {[%clk 01:33:41]} {[%emt 00:01:23]} Nxc5 {[%clk
01:28:14]} {[%emt 00:00:16]} 11. Bd3 {[%clk 01:33:48]} {[%emt 00:00:23]} Qb6
{[%clk 01:27:45]} {[%emt 00:01:00]} 12. Qf2 {[%clk 01:33:26]} {[%emt 00:00:52]}
b4 {[%clk 01:18:21]} {[%emt 00:09:54]} 13. Ne2 {[%clk 01:33:22]} {[%emt
00:00:34]} a5 {[%clk 01:15:49]} {[%emt 00:03:03]} 14. O-O {[%clk 01:32:15]}
{[%emt 00:01:36]} Rb8 {[%clk 01:12:24]} {[%emt 00:03:56]} 15. Rac1 {[%clk
01:29:44]} {[%emt 00:03:01]} O-O {[%clk 01:02:42]} {[%emt 00:10:12]} 16. Ned4
{[%clk 01:29:00]} {[%emt 00:01:14]} Nxd4 {[%clk 00:51:10]} {[%emt 00:12:02]}
17. Qxd4 {[%clk 01:26:30]} {[%emt 00:02:59]} Bd7 {[%clk 00:46:51]} {[%emt
00:04:48]} 18. Kh1 {[%clk 01:23:47]} {[%emt 00:03:13]} h6 {[%clk 00:41:56]}
{[%emt 00:05:26]} 19. f5 {[%clk 01:21:16]} {[%emt 00:03:01]} exf5 {[%clk
00:39:49]} {[%emt 00:02:37]} 20. Rfe1 {[%clk 01:11:03]} {[%emt 00:10:42]} Ne4
{[%clk 00:37:41]} {[%emt 00:02:39]} 21. Re2 {[%clk 01:09:32]} {[%emt 00:02:02]}
Qxd4 {[%clk 00:35:42]} {[%emt 00:02:28]} 22. Nxd4 {[%clk 01:10:00]} {[%emt
00:00:02]} Rfe8 {[%clk 00:34:21]} {[%emt 00:01:51]} 23. g4 {[%clk 01:09:03]}
{[%emt 00:01:27]} Rxe5 {[%clk 00:32:30]} {[%emt 00:02:22]} 24. gxf5 {[%clk
01:07:29]} {[%emt 00:02:03]} Rbe8 {[%clk 00:30:37]} {[%emt 00:02:23]} 25. Rf1
{[%clk 01:06:53]} {[%emt 00:01:06]} f6 {[%clk 00:29:16]} {[%emt 00:01:52]} 26.
Rg2 {[%clk 01:04:04]} {[%emt 00:03:18]} Nc5 {[%clk 00:24:54]} {[%emt 00:04:52]}
27. Rg3 {[%clk 00:58:10]} {[%emt 00:06:24]} R8e7 {[%clk 00:21:33]} {[%emt
00:03:51]} 28. a3 {[%clk 00:56:01]} {[%emt 00:02:40]} bxa3 {[%clk 00:21:00]}
{[%emt 00:01:03]} 29. bxa3 {[%clk 00:56:29]} {[%emt 00:00:01]} Re3 {[%clk
00:19:18]} {[%emt 00:02:12]} 30. Kg2 {[%clk 00:55:56]} {[%emt 00:01:03]} Re1
{[%clk 00:14:09]} {[%emt 00:05:39]} 31. Rgf3 {[%clk 00:55:02]} {[%emt
00:01:24]} Ba4 {[%clk 00:10:23]} {[%emt 00:04:16]} 32. Rxe1 {[%clk 00:45:42]}
{[%emt 00:09:50]} Rxe1 {[%clk 00:10:46]} {[%emt 00:00:07]} 33. Rf1 {[%clk
00:46:10]} {[%emt 00:00:02]} Rxf1 {[%clk 00:03:35]} {[%emt 00:07:40]} 34. Bxf1
{[%clk 00:45:50]} {[%emt 00:00:50]} Kf7 {[%clk 00:02:54]} {[%emt 00:01:11]} 35.
c4 {[%clk 00:46:09]} {[%emt 00:00:11]} dxc4 {[%clk 00:03:04]} {[%emt 00:00:20]}
36. Bxc4+ {[%clk 00:46:37]} {[%emt 00:00:02]} Ke7 {[%clk 00:03:27]} {[%emt
00:00:08]} 37. Kf3 {[%clk 00:44:01]} {[%emt 00:03:06]} Kd6 {[%clk 00:03:22]}
{[%emt 00:00:35]} 38. Kf4 {[%clk 00:42:43]} {[%emt 00:01:48]} Bd7 {[%clk
00:02:45]} {[%emt 00:01:06]} 39. Ne2 {[%clk 00:41:59]} {[%emt 00:01:14]} Nb7
{[%clk 00:02:13]} {[%emt 00:01:03]} 40. Ng3 {[%clk 00:40:34]} {[%emt 00:01:55]}
Kc5 {[%clk 00:01:08]} {[%emt 00:01:35]} 41. Be2 {[%clk 00:38:21]} {[%emt
00:02:42]} Nd6 {[%clk 00:28:50]} {[%emt 00:02:48]} 42. Ne4+ {[%clk 00:49:50]}
{[%emt 00:19:01]} Nxe4 {[%clk 00:29:16]} {[%emt 00:00:05]} 43. Kxe4 {[%clk
00:50:19]} {[%emt 00:00:02]} Bb5 {[%clk 00:25:07]} {[%emt 00:04:39]} 44. Bd3
{[%clk 00:40:48]} {[%emt 00:10:01]} Bxd3+ {[%clk 00:09:57]} {[%emt 00:15:39]}
45. Kxd3 {[%clk 00:41:16]} {[%emt 00:00:02]} Kd5 {[%clk 00:10:22]} {[%emt
00:00:06]} 46. a4 {[%clk 00:41:37]} {[%emt 00:00:08]} h5 {[%clk 00:10:30]}
{[%emt 00:00:22]} 47. h4 {[%clk 00:42:06]} {[%emt 00:00:01]} Ke5 {[%clk
00:10:51]} {[%emt 00:00:09]} 48. Kc4 {[%clk 00:42:34]} {[%emt 00:00:01]} Kxf5
{[%clk 00:11:09]} {[%emt 00:00:12]} 49. Kb5 {[%clk 00:43:03]} {[%emt 00:00:01]}
g5 {[%clk 00:11:35]} {[%emt 00:00:04]} 0-1

[Event "DEM U16 2023"]
[Site "Willingen GER"]
[Date "2023.06.01"]
[Round "7"]
[White "Petrovskiy, Vadim"]
[Black "Guo, Philipp Ziming"]
[Result "1-0"]
[Termination "normal"]
[Board "2"]
[WhiteTitle "IM"]
[WhiteElo "2417"]
[BlackElo "1941"]
[WhiteClock "00:29:32"]
[BlackClock "00:10:10"]
[PlyCount "77"]
[WhiteFideId "14165210"]
[BlackFideId "16245199"]
[EventCountry "GER"]
[EventRounds "9"]
[EventType "swiss"]
[EventDate "2023.05.27"]

1. e4 {[%clk 01:30:59]} {[%emt 00:04:55]} c5 {[%clk 01:30:52]} {[%emt
00:00:08]} 2. Nf3 {[%clk 01:31:25]} {[%emt 00:00:05]} d6 {[%clk 01:31:08]}
{[%emt 00:00:14]} 3. d4 {[%clk 01:31:50]} {[%emt 00:00:05]} cxd4 {[%clk
01:31:32]} {[%emt 00:00:06]} 4. Nxd4 {[%clk 01:32:18]} {[%emt 00:00:03]} Nf6
{[%clk 01:31:45]} {[%emt 00:00:15]} 5. Nc3 {[%clk 01:32:45]} {[%emt 00:00:04]}
a6 {[%clk 01:32:08]} {[%emt 00:00:07]} 6. Be2 {[%clk 01:31:58]} {[%emt
00:01:17]} e5 {[%clk 01:32:19]} {[%emt 00:00:18]} 7. Nb3 {[%clk 01:32:24]}
{[%emt 00:00:05]} Be6 {[%clk 01:32:16]} {[%emt 00:00:32]} 8. O-O {[%clk
01:32:41]} {[%emt 00:00:15]} Be7 {[%clk 01:32:21]} {[%emt 00:00:23]} 9. Re1
{[%clk 01:33:07]} {[%emt 00:00:06]} O-O {[%clk 01:30:58]} {[%emt 00:01:52]} 10.
Bf3 {[%clk 01:33:35]} {[%emt 00:00:03]} Nbd7 {[%clk 01:30:28]} {[%emt
00:00:58]} 11. a4 {[%clk 01:33:44]} {[%emt 00:00:21]} Rc8 {[%clk 01:30:32]}
{[%emt 00:00:25]} 12. a5 {[%clk 01:34:09]} {[%emt 00:00:07]} Qc7 {[%clk
01:29:58]} {[%emt 00:01:02]} 13. Nd2 {[%clk 01:31:42]} {[%emt 00:02:59]} Nb8
{[%clk 01:28:25]} {[%emt 00:02:02]} 14. Nb3 {[%clk 01:31:41]} {[%emt 00:00:32]}
Nbd7 {[%clk 01:28:32]} {[%emt 00:00:22]} 15. Be3 {[%clk 01:32:07]} {[%emt
00:00:05]} h6 {[%clk 01:28:52]} {[%emt 00:00:10]} 16. h3 {[%clk 01:32:33]}
{[%emt 00:00:05]} Rfe8 {[%clk 01:24:28]} {[%emt 00:04:53]} 17. Nc1 {[%clk
01:25:48]} {[%emt 00:07:16]} Nf8 {[%clk 01:15:40]} {[%emt 00:09:18]} 18. Nd3
{[%clk 01:22:29]} {[%emt 00:03:50]} N8h7 {[%clk 01:10:48]} {[%emt 00:05:21]}
19. h4 {[%clk 01:15:41]} {[%emt 00:07:18]} h5 {[%clk 00:57:34]} {[%emt
00:13:44]} 20. Bb6 {[%clk 01:11:21]} {[%emt 00:04:50]} Qd7 {[%clk 00:54:58]}
{[%emt 00:03:04]} 21. Qe2 {[%clk 01:04:59]} {[%emt 00:06:54]} Ng4 {[%clk
00:47:41]} {[%emt 00:07:47]} 22. g3 {[%clk 01:03:31]} {[%emt 00:01:59]} g6
{[%clk 00:35:14]} {[%emt 00:12:56]} 23. Rad1 {[%clk 01:03:02]} {[%emt
00:00:59]} Qc6 {[%clk 00:34:49]} {[%emt 00:00:54]} 24. Nb4 {[%clk 00:58:44]}
{[%emt 00:04:47]} Qc4 {[%clk 00:34:18]} {[%emt 00:01:01]} 25. Ncd5 {[%clk
00:58:50]} {[%emt 00:00:25]} Qxe2 {[%clk 00:25:47]} {[%emt 00:09:01]} 26. Rxe2
{[%clk 00:57:26]} {[%emt 00:01:55]} Bf8 {[%clk 00:22:28]} {[%emt 00:03:49]} 27.
b3 {[%clk 00:40:08]} {[%emt 00:17:48]} Ngf6 {[%clk 00:20:56]} {[%emt 00:02:01]}
28. c4 {[%clk 00:38:54]} {[%emt 00:01:45]} Bxd5 {[%clk 00:19:39]} {[%emt
00:01:47]} 29. Nxd5 {[%clk 00:38:54]} {[%emt 00:00:30]} Nxd5 {[%clk 00:20:02]}
{[%emt 00:00:07]} 30. exd5 {[%clk 00:36:19]} {[%emt 00:03:06]} f5 {[%clk
00:19:34]} {[%emt 00:00:57]} 31. Rc2 {[%clk 00:35:26]} {[%emt 00:01:23]} Nf6
{[%clk 00:18:35]} {[%emt 00:01:30]} 32. b4 {[%clk 00:35:38]} {[%emt 00:00:18]}
Nd7 {[%clk 00:17:39]} {[%emt 00:01:25]} 33. Be3 {[%clk 00:32:20]} {[%emt
00:03:48]} Rc7 {[%clk 00:14:36]} {[%emt 00:03:33]} 34. c5 {[%clk 00:28:28]}
{[%emt 00:04:22]} e4 {[%clk 00:13:30]} {[%emt 00:01:35]} 35. Be2 {[%clk
00:28:28]} {[%emt 00:00:31]} dxc5 {[%clk 00:12:32]} {[%emt 00:01:27]} 36. d6
{[%clk 00:28:56]} {[%emt 00:00:03]} Rcc8 {[%clk 00:11:12]} {[%emt 00:01:49]}
37. bxc5 {[%clk 00:29:09]} {[%emt 00:00:17]} Rc6 {[%clk 00:09:50]} {[%emt
00:01:52]} 38. Bc4+ {[%clk 00:29:11]} {[%emt 00:00:29]} Kh8 {[%clk 00:10:10]}
{[%emt 00:00:10]} 39. Bd5 {[%clk 00:29:32]} {[%emt 00:00:08]} 1-0

[Event "DEM U16 2023"]
[Site "Willingen GER"]
[Date "2023.06.01"]
[Round "7"]
[White "Lebzak, Jaroslav"]
[Black "Bashirov, Kemal"]
[Result "0-1"]
[Termination "normal"]
[Board "3"]
[WhiteElo "2138"]
[BlackElo "2197"]
[WhiteClock "00:12:26"]
[BlackClock "00:09:59"]
[PlyCount "108"]
[WhiteFideId "44105851"]
[BlackFideId "14183650"]
[EventCountry "GER"]
[EventRounds "9"]
[EventType "swiss"]
[EventDate "2023.05.27"]

1. e4 {[%clk 01:30:57]} {[%emt 00:00:02]} c5 {[%clk 01:30:57]} {[%emt
00:00:03]} 2. Nf3 {[%clk 01:31:20]} {[%emt 00:00:07]} d6 {[%clk 01:31:24]}
{[%emt 00:00:04]} 3. d4 {[%clk 01:31:43]} {[%emt 00:00:07]} cxd4 {[%clk
01:31:50]} {[%emt 00:00:03]} 4. Nxd4 {[%clk 01:32:06]} {[%emt 00:00:06]} Nf6
{[%clk 01:32:18]} {[%emt 00:00:03]} 5. f3 {[%clk 01:32:26]} {[%emt 00:00:10]}
e5 {[%clk 01:32:43]} {[%emt 00:00:05]} 6. Nb3 {[%clk 01:32:48]} {[%emt
00:00:08]} Be6 {[%clk 01:32:48]} {[%emt 00:00:26]} 7. c4 {[%clk 01:33:01]}
{[%emt 00:00:16]} Nbd7 {[%clk 01:33:05]} {[%emt 00:00:13]} 8. Nc3 {[%clk
01:33:08]} {[%emt 00:00:23]} Rc8 {[%clk 01:28:40]} {[%emt 00:04:56]} 9. Be3
{[%clk 01:33:16]} {[%emt 00:00:22]} a6 {[%clk 01:28:10]} {[%emt 00:01:00]} 10.
Nd5 {[%clk 01:27:50]} {[%emt 00:05:56]} Be7 {[%clk 01:24:40]} {[%emt 00:04:01]}
11. Be2 {[%clk 01:27:44]} {[%emt 00:00:35]} O-O {[%clk 01:24:21]} {[%emt
00:00:49]} 12. O-O {[%clk 01:27:38]} {[%emt 00:00:36]} Ne8 {[%clk 01:23:20]}
{[%emt 00:01:31]} 13. Qd2 {[%clk 01:27:08]} {[%emt 00:01:00]} f5 {[%clk
01:14:58]} {[%emt 00:08:53]} 14. exf5 {[%clk 01:21:16]} {[%emt 00:06:22]} Rxf5
{[%clk 01:13:26]} {[%emt 00:02:02]} 15. f4 {[%clk 01:10:39]} {[%emt 00:11:07]}
exf4 {[%clk 01:00:53]} {[%emt 00:13:03]} 16. Nxf4 {[%clk 01:10:29]} {[%emt
00:00:39]} Bf7 {[%clk 00:48:14]} {[%emt 00:13:09]} 17. Bg4 {[%clk 00:55:58]}
{[%emt 00:15:00]} Rf6 {[%clk 00:48:10]} {[%emt 00:00:34]} 18. Nd4 {[%clk
00:50:34]} {[%emt 00:05:54]} Nc7 {[%clk 00:40:25]} {[%emt 00:08:15]} 19. b3
{[%clk 00:42:33]} {[%emt 00:08:32]} Rb8 {[%clk 00:36:19]} {[%emt 00:04:36]} 20.
Nf5 {[%clk 00:37:33]} {[%emt 00:05:29]} Bf8 {[%clk 00:35:19]} {[%emt 00:01:31]}
21. Bh3 {[%clk 00:33:14]} {[%emt 00:04:49]} b5 {[%clk 00:29:46]} {[%emt
00:06:03]} 22. Bd4 {[%clk 00:29:00]} {[%emt 00:04:43]} Ne5 {[%clk 00:29:42]}
{[%emt 00:00:35]} 23. Rad1 {[%clk 00:26:28]} {[%emt 00:03:02]} Qe8 {[%clk
00:28:09]} {[%emt 00:02:04]} 24. Rfe1 {[%clk 00:24:38]} {[%emt 00:02:19]} bxc4
{[%clk 00:26:42]} {[%emt 00:01:57]} 25. bxc4 {[%clk 00:24:17]} {[%emt
00:00:52]} Bxc4 {[%clk 00:22:24]} {[%emt 00:04:48]} 26. Ne3 {[%clk 00:18:30]}
{[%emt 00:06:16]} Qf7 {[%clk 00:17:13]} {[%emt 00:05:42]} 27. Ne2 {[%clk
00:15:17]} {[%emt 00:03:43]} Be6 {[%clk 00:08:53]} {[%emt 00:08:50]} 28. Bxe6
{[%clk 00:15:12]} {[%emt 00:00:35]} Qxe6 {[%clk 00:09:17]} {[%emt 00:00:07]}
29. Qa5 {[%clk 00:14:23]} {[%emt 00:01:18]} Nb5 {[%clk 00:08:27]} {[%emt
00:01:20]} 30. Qxa6 {[%clk 00:12:22]} {[%emt 00:02:31]} Qf7 {[%clk 00:04:43]}
{[%emt 00:04:14]} 31. Ba1 {[%clk 00:10:21]} {[%emt 00:02:30]} Nc7 {[%clk
00:04:19]} {[%emt 00:00:55]} 32. Qa4 {[%clk 00:04:44]} {[%emt 00:06:07]} Ra8
{[%clk 00:04:18]} {[%emt 00:00:32]} 33. Qb3 {[%clk 00:04:43]} {[%emt 00:00:31]}
Rxa2 {[%clk 00:04:11]} {[%emt 00:00:37]} 34. Qxf7+ {[%clk 00:04:58]} {[%emt
00:00:15]} Rxf7 {[%clk 00:04:38]} {[%emt 00:00:03]} 35. Nc3 {[%clk 00:04:54]}
{[%emt 00:00:34]} Ra6 {[%clk 00:04:25]} {[%emt 00:00:44]} 36. Ne4 {[%clk
00:04:31]} {[%emt 00:00:53]} h6 {[%clk 00:03:33]} {[%emt 00:01:22]} 37. Rd2
{[%clk 00:03:56]} {[%emt 00:01:05]} Rf4 {[%clk 00:02:07]} {[%emt 00:01:56]} 38.
Nxd6 {[%clk 00:02:34]} {[%emt 00:01:53]} Bxd6 {[%clk 00:02:06]} {[%emt
00:00:31]} 39. Rxd6 {[%clk 00:02:51]} {[%emt 00:00:12]} Nf3+ {[%clk 00:02:03]}
{[%emt 00:00:33]} 40. gxf3 {[%clk 00:02:56]} {[%emt 00:00:25]} Rxd6 {[%clk
00:02:30]} {[%emt 00:00:04]} 41. Be5 {[%clk 00:02:57]} {[%emt 00:00:28]} Rg6+
{[%clk 00:02:56]} {[%emt 00:00:04]} 42. Kf2 {[%clk 00:03:05]} {[%emt 00:00:23]}
Rf7 {[%clk 00:03:15]} {[%emt 00:00:10]} 43. f4 {[%clk 00:02:26]} {[%emt
00:01:08]} Ra6 {[%clk 00:01:19]} {[%emt 00:02:27]} 44. Rd1 {[%clk 00:17:31]}
{[%emt 00:15:25]} Ne6 {[%clk 00:29:11]} {[%emt 00:02:38]} 45. Nd5 {[%clk
00:17:33]} {[%emt 00:00:29]} g5 {[%clk 00:22:14]} {[%emt 00:07:27]} 46. Nf6+
{[%clk 00:15:58]} {[%emt 00:02:05]} Kg7 {[%clk 00:21:47]} {[%emt 00:00:56]} 47.
f5 {[%clk 00:15:51]} {[%emt 00:00:38]} Nf8 {[%clk 00:21:04]} {[%emt 00:01:10]}
48. Ng4+ {[%clk 00:15:26]} {[%emt 00:00:57]} Kh7 {[%clk 00:21:12]} {[%emt
00:00:22]} 49. Ne3 {[%clk 00:15:51]} {[%emt 00:00:06]} Ng6 {[%clk 00:17:41]}
{[%emt 00:04:00]} 50. Bc3 {[%clk 00:15:52]} {[%emt 00:00:29]} Ra2+ {[%clk
00:14:23]} {[%emt 00:03:48]} 51. Kg3 {[%clk 00:12:10]} {[%emt 00:04:11]} Nh4
{[%clk 00:11:54]} {[%emt 00:02:59]} 52. Rd5 {[%clk 00:12:30]} {[%emt 00:00:11]}
Re2 {[%clk 00:10:48]} {[%emt 00:01:35]} 53. Ng4 {[%clk 00:12:23]} {[%emt
00:00:38]} Nxf5+ {[%clk 00:10:33]} {[%emt 00:00:45]} 54. Kh3 {[%clk 00:12:26]}
{[%emt 00:00:26]} Ne3 {[%clk 00:09:59]} {[%emt 00:01:04]} 0-1